Descubrimiento y conquista del Perú / (Record no. 189765)

MARC details
000 -LEADER
campo de control de longitud fija 00796nam a2200205 i 4500
001 - NÚMERO DE CONTROL
campo de control 189765
003 - IDENTIFICADOR DE NÚMERO DE CONTROL
campo de control ES-MaACL
005 - FECHA Y HORA DE LA ÚLTIMA TRANSACCIÓN
campo de control 20230906223541.0
008 - DATOS DE LONGITUD FIJA--INFORMACIÓN GENERAL
campo de control de longitud fija 191017s1963 sp |||| | spa d
100 1# - ENTRADA PRINCIPAL--NOMBRE DE PERSONA
Nombre de persona Ballesteros Gaibrois, Manuel,
Fechas asociadas al nombre 1911-2002
9 (RLIN) 25056
245 10 - MENCIÓN DEL TÍTULO
Título Descubrimiento y conquista del Perú /
Mención de responsabilidad, etc. M. Ballesteros Gaibrois.
260 ## - PUBLICACIÓN, DISTRIBUCIÓN, ETC.
Lugar de publicación, distribución, etc. Barcelona :
Nombre del editor, distribuidor, etc. Salvat,
Fecha de publicación, distribución, etc. 1963.
300 ## - DESCRIPCIÓN FÍSICA
Extensión VIII, 483 p., [7] h. de lám. col. y n. :
Otras características físicas il. ;
Dimensiones 24 cm.
490 1# - MENCIÓN DE SERIE
Mención de serie Historia de América y de los pueblos americanos ;
Designación de volumen o secuencia 9
504 ## - NOTA DE BIBLIOGRAFÍA, ETC.
Nota de bibliografía, etc. Bibliografía: p. [468]-483.
651 #4 - PUNTO DE ACCESO ADICIONAL DE MATERIA--NOMBRE GEOGRÁFICO
Nombre geográfico Perú-
Subdivisión general Historia-
Subdivisión cronológica Descubrimiento y conquista, 1522-1548.
9 (RLIN) 9226
830 0# - PUNTO DE ACCESO ADICIONAL DE SERIE-TÍTULO UNIFORME
Título uniforme Historia de América y de los pueblos americanos ;
Designación de volumen o secuencia 9
9 (RLIN) 193403
852 ## - LOCALIZACIÓN
Ubicación ES-MaACL
Número de control de estantería P-1009-Bis-2
Holdings
Estatus retirado Estado de pérdida Estado de daño No para préstamo Biblioteca de origen Biblioteca actual Ubicación en estantería Fecha de adquisición Fuente de adquisición Total de préstamos Signatura topográfica completa Código de barras Visto por última vez Precio de reemplazo Tipo de ítem Koha
        Biblioteca del Ateneo de Madrid Biblioteca del Ateneo de Madrid Depósito 2 17/10/2019     P-1009-Bis-2 1201203 23/02/2023 23/02/2023 Libro impreso